Pórticos y arcos, soluciones condensadas para el análisis

Bibliographic Details
Main Author: Leontovich, Valerian
Format: Section = Libro
Language:Undetermined
Spanish
Published: México Continental 1961
Subjects:
LEADER 00524nam a2200193Ia 4500
008 240829s9999 xx 000 0 und d
040 |a BIBLIOTECA-RUSB/ 726.591 L586 
041 |a spa 
082 |a 726.591 L586 
100 1 |a Leontovich, Valerian 
245 1 0 |a Pórticos y arcos, soluciones condensadas para el análisis 
260 |a México  |b Continental  |c 1961 
300 |a 522 p. :il. 
650 7 |a PORTICOS-ARQUITECTURA 
650 7 |b  ENTRADA Y ACCESOS 
650 7 |c  ARCOS 
942 |c BK  |2 ddc 
991 |a TEXTO 
999 |c 5258